Normal view
MARC view
- Bilal Chohan.
Entry Personal Name
001 - CONTROL NUMBER
- control field: 18858
003 - CONTROL NUMBER IDENTIFIER
- control field: NUST
005 - DATE AND TIME OF LATEST TRANSACTION
- control field: 20190730064853.0
008 - FIXED-LENGTH DATA ELEMENTS
- fixed length control field: 190730|| aca||aabn | a|a d
040 ## - CATALOGING SOURCE
- Original cataloging agency: NUST
- Transcribing agency: NUST
100 ## - HEADING--PERSONAL NAME
- Personal name: Bilal Chohan.
670 ## - SOURCE DATA FOUND
- Source citation: Work cat.: (NUST): Umer, Ilhan 18857, Impact of Humor & Ad Argument on the Viewers' Attitude towards the Advertised Brand /, 2015.
